000 00525nam a2200169 i 4500
001 35740
003 ES-MaACL
005 20230906155212.0
007 t|
008 030214s1913 fr ||||1| fre d
100 1 _aBoyer d'Agen, Auguste-Jean.
_931189
245 1 3 _aLa beauté de la femme dans l'art /
_ctexte de Boyer d'Agen ; préface d'Armand Dayot.
260 _aParís :
_bLapina,
_c[1913]
300 _aXX, 53 h., 53 lám. ;
_c39 cm.
700 1 _aDayot, Armand.
_943025
852 _aES-MaACL
_jR-2940
_x Olim:B-5523
999 _c35740
_d35740